[Event "NB II. Breyer csoport"]
[Site "Zsambek"]
[Date "2024.04.07"]
[Round "7.9"]
[White "Kiss, Inez"]
[Black "Szendeff, Miklos"]
[Result "0-1"]
[WhiteElo "1896"]
[BlackElo "1758"]
[PlyCount "68"]
[EventDate "2023.10.08"]
[EventType "team-tourn"]
[EventRounds "9"]
[EventCountry "HUN"]
[Source "chess.hu"]
[WhiteTeam "MTK Budapest II."]
[BlackTeam "Zsambeki SBE"]
[WhiteTeamCountry "HUN"]
[BlackTeamCountry "HUN"]

1. c4 Nf6 2. Nc3 g6 3. g3 Bg7 4. Bg2 d6 5. e4 c5 6. Nge2 Nc6 7. d3 O-O 8. O-O
Bd7 9. h3 Rc8 10. Be3 Qc7 11. Nd5 Qb8 12. Nec3 e6 13. Nxf6+ Bxf6 14. f4 Bd4 15.
Bxd4 Nxd4 16. f5 exf5 17. Nd5 Kg7 18. Ne7 Rce8 19. exf5 f6 20. Nd5 Bxf5 21. g4
Bd7 22. Be4 f5 23. gxf5 Bxf5 24. Bxf5 Rxf5 25. Qa4 b5 26. cxb5 Rg5+ 27. Kh1
Rxd5 28. b6 Qc8 29. Rf2 Qxh3+ 30. Rh2 Qf3+ 31. Rg2 Rh5+ 32. Kg1 Ne2+ 33. Rxe2
Rxe2 34. Qxa7+ Kh6 0-1

[Event "NB II. Breyer csoport"]
[Site "Zsambek"]
[Date "2024.04.07"]
[Round "7.10"]
[White "Pregitzer, Gyorgy"]
[Black "Toth, Timea"]
[Result "1/2-1/2"]
[WhiteElo "1754"]
[BlackElo "1736"]
[PlyCount "45"]
[EventDate "2023.10.08"]
[EventType "team-tourn"]
[EventRounds "9"]
[EventCountry "HUN"]
[Source "chess.hu"]
[WhiteTeam "Zsambeki SBE"]
[BlackTeam "MTK Budapest II."]
[WhiteTeamCountry "HUN"]
[BlackTeamCountry "HUN"]

1. f4 d5 2. g3 Nf6 3. Bg2 Bf5 4. d3 e6 5. a3 a6 6. b4 c5 7. c3 Nc6 8. Nf3 Qc7
9. O-O d4 10. bxc5 Bxc5 11. c4 O-O 12. Nbd2 Rad8 13. Nb3 Ba7 14. Qe1 Ng4 15. h3
Ne3 16. Bxe3 dxe3 17. Nh4 Qe7 18. Nxf5 exf5 19. Bxc6 bxc6 20. Qa5 Rxd3 21. exd3
e2+ 22. Rf2 Qe3 23. c5 1/2-1/2

[Event "NB II. Breyer csoport"]
[Site "Zsambek"]
[Date "2024.04.07"]
[Round "7.11"]
[White "Shen, Yiyun"]
[Black "Balogh, Fulop"]
[Result "1-0"]
[WhiteElo "1676"]
[BlackElo "1475"]
[PlyCount "67"]
[EventDate "2023.10.08"]
[EventType "team-tourn"]
[EventRounds "9"]
[EventCountry "HUN"]
[Source "chess.hu"]
[WhiteTeam "MTK Budapest II."]
[BlackTeam "Zsambeki SBE"]
[WhiteTeamCountry "HUN"]
[BlackTeamCountry "HUN"]

1. d4 d5 2. c4 e6 3. Nc3 Nf6 4. Bg5 Be7 5. cxd5 Nxd5 6. Bxe7 Qxe7 7. Nf3 Nd7 8.
Nxd5 exd5 9. e3 Qb4+ 10. Qd2 Qxd2+ 11. Kxd2 c5 12. dxc5 Nxc5 13. Bb5+ Nd7 14.
Rac1 a6 15. Ba4 b5 16. Bb3 Nb6 17. Nd4 Nc4+ 18. Ke2 O-O 19. h3 f5 20. g3 Rf6
21. a4 Bd7 22. axb5 axb5 23. Nc2 Bc6 24. Nb4 Rc8 25. Rhd1 Rd6 26. Rc2 Kf8 27.
Ba2 g5 28. b3 Nb6 29. Rdc1 d4 30. Rxc6 Rcxc6 31. Rxc6 d3+ 32. Kd2 Nd5 33. Rxd6
Nxb4 34. Bb1 1-0

[Event "NB II. Breyer csoport"]
[Site "Naszaly"]
[Date "2024.04.07"]
[Round "7.1"]
[White "Takacs, Laszlo"]
[Black "Dibusz, Ferenc"]
[Result "1-0"]
[WhiteElo "2219"]
[BlackElo "2126"]
[PlyCount "61"]
[EventDate "2023.10.08"]
[EventType "team-tourn"]
[EventRounds "9"]
[EventCountry "HUN"]
[Source "chess.hu"]
[WhiteTeam "Tatabanyai SC"]
[BlackTeam "Geniusz Tata-Naszaly"]
[WhiteTeamCountry "HUN"]
[BlackTeamCountry "HUN"]

1. e4 c5 2. Nf3 Nc6 3. d4 cxd4 4. Nxd4 g6 5. Nc3 Bg7 6. Be3 d6 7. Qd2 Bd7 8.
O-O-O Rc8 9. h3 Qa5 10. Kb1 a6 11. g4 b5 12. g5 h6 13. f4 hxg5 14. fxg5 Bg4 15.
Rc1 Qb4 16. a3 Qa5 17. Nxc6 Rxc6 18. e5 Bf3 19. Bg2 Bxg2 20. Qxg2 Rxc3 21. Bd2
Bxe5 22. Rce1 Qc7 23. Bxc3 Bxc3 24. bxc3 Qc8 25. Qd5 Kf8 26. Rhf1 f6 27. gxf6
Nxf6 28. Rxf6+ exf6 29. Qxd6+ Kg8 30. Qxf6 Rh7 31. Qxg6+ 1-0

[Event "NB II. Breyer csoport"]
[Site "Naszaly"]
[Date "2024.04.07"]
[Round "7.2"]
[White "Kovacs, Gabor Etele"]
[Black "Farkas, Gyula"]
[Result "1-0"]
[WhiteElo "2093"]
[BlackElo "2119"]
[PlyCount "107"]
[EventDate "2023.10.08"]
[EventType "team-tourn"]
[EventRounds "9"]
[EventCountry "HUN"]
[Source "chess.hu"]
[WhiteTeam "Geniusz Tata-Naszaly"]
[BlackTeam "Tatabanyai SC"]
[WhiteTeamCountry "HUN"]
[BlackTeamCountry "HUN"]

1. e4 c5 2. Nf3 Nc6 3. Bb5 Nd4 4. Nxd4 cxd4 5. O-O g6 6. c3 Qb6 7. Qa4 a6 8.
Bc4 Bg7 9. h3 Qc6 10. Qxc6 dxc6 11. Re1 e5 12. cxd4 exd4 13. d3 Nh6 14. Nd2 b5
15. Bb3 O-O 16. Nf3 Be6 17. Bxe6 fxe6 18. Bxh6 Bxh6 19. Nxd4 Rfd8 20. Nxe6 Rxd3
21. Rad1 Rd2 22. Rxd2 Bxd2 23. Rd1 Kf7 24. Nd4 Bg5 25. Nxc6 Rc8 26. Ne5+ Ke6
27. Nf3 Bc1 28. b3 h6 29. e5 Ba3 30. Kf1 Bb4 31. g3 g5 32. Kg2 Ke7 33. Nd4 h5
34. Kf3 Rf8+ 35. Ke4 Bc5 36. Nf5+ Ke6 37. Ng7+ Kf7 38. Rd7+ Kg6 39. Ne6 Rxf2
40. Nxc5 Re2+ 41. Kd5 Rxa2 42. Rd6+ Kf7 43. Rxa6 Rd2+ 44. Ke4 Rg2 45. g4 hxg4
46. hxg4 Rxg4+ 47. Kf5 Rf4+ 48. Kxg5 Rd4 49. Ra7+ Kg8 50. Ne6 Rd3 51. Kg6 Rg3+
52. Ng5 Kf8 53. Kf6 Ke8 54. Ra8+ 1-0

[Event "NB II. Breyer csoport"]
[Site "Naszaly"]
[Date "2024.04.07"]
[Round "7.3"]
[White "Simonics, Peter"]
[Black "Szabo-Toth, Gabor"]
[Result "1/2-1/2"]
[WhiteElo "2089"]
[BlackElo "2119"]
[PlyCount "42"]
[EventDate "2023.10.08"]
[EventType "team-tourn"]
[EventRounds "9"]
[EventCountry "HUN"]
[Source "chess.hu"]
[WhiteTeam "Tatabanyai SC"]
[BlackTeam "Geniusz Tata-Naszaly"]
[WhiteTeamCountry "HUN"]
[BlackTeamCountry "HUN"]

1. e4 c5 2. Nf3 e6 3. d4 cxd4 4. c3 dxc3 5. Nxc3 Nc6 6. Bc4 d6 7. O-O a6 8. Qe2
Nf6 9. Rd1 Qc7 10. Bf4 Ne5 11. Bb3 Be7 12. Rac1 Qb8 13. Na4 b5 14. Nxe5 dxe5
15. Bxe5 Qxe5 16. Nb6 Rb8 17. Nxc8 Bc5 18. Rxc5 Qxc5 19. Nd6+ Kf8 20. e5 Rd8
21. Re1 Rxd6 1/2-1/2

[Event "NB II. Breyer csoport"]
[Site "Naszaly"]
[Date "2024.04.07"]
[Round "7.4"]
[White "Sipos, Stefania"]
[Black "Gaspar, David"]
[Result "1/2-1/2"]
[WhiteElo "1855"]
[BlackElo "2037"]
[PlyCount "141"]
[EventDate "2023.10.08"]
[EventType "team-tourn"]
[EventRounds "9"]
[EventCountry "HUN"]
[Source "chess.hu"]
[WhiteTeam "Geniusz Tata-Naszaly"]
[BlackTeam "Tatabanyai SC"]
[WhiteTeamCountry "HUN"]
[BlackTeamCountry "HUN"]

1. e4 d5 2. exd5 Nf6 3. d4 Bg4 4. f3 Bf5 5. g4 Bg6 6. c4 e6 7. Nc3 h6 8. dxe6
fxe6 9. Bd3 Bf7 10. Nge2 Nc6 11. Be3 Qd7 12. Qa4 O-O-O 13. O-O-O a6 14. Kb1 Kb8
15. a3 Be8 16. Rhe1 Qd6 17. c5 Qe7 18. Qc2 e5 19. Bf5 Qf7 20. dxe5 Rxd1+ 21.
Qxd1 Nxe5 22. Qd8+ Ka7 23. c6+ b6 24. Bxb6+ cxb6 25. c7 Nc6 26. c8=N+ Ka8 27.
Qxb6 Qb7 28. Rd1 g6 29. Be6 Qxb6 30. Nxb6+ Kb7 31. Nbd5 Bd7 32. Bxd7 Nxd7 33.
Nb4 Nde5 34. Nxc6 Nxc6 35. f4 Bc5 36. Rd7+ Kc8 37. Rg7 g5 38. f5 Ne5 39. Nd5
Bf8 40. Rc7+ Kb8 41. h3 h5 42. gxh5 Rxh5 43. Rc3 g4 44. hxg4 Nxg4 45. Ng3 Rg5
46. Rf3 Nh6 47. Nf6 Rg7 48. Nfe4 Kc7 49. Kc2 Nf7 50. Kb3 Ne5 51. Rc3+ Kb6 52.
Nf6 Nc6 53. Nd5+ Kb7 54. Ka2 Nd4 55. Rd3 Bd6 56. Ne4 Be5 57. f6 Rf7 58. Ng5 Rf8
59. Ne6 Nxe6 60. Re3 Nc7 61. Rxe5 Nxd5 62. Rxd5 Rxf6 63. Kb3 Kb6 64. Ka4 Rh6
65. b3 Rg6 66. Rd4 a5 67. Rd5 Rg4+ 68. b4 axb4 69. axb4 Rg6 70. Kb3 Rg3+ 71.
Kc4 1/2-1/2

[Event "NB II. Breyer csoport"]
[Site "Naszaly"]
[Date "2024.04.07"]
[Round "7.5"]
[White "Szekely, Csaba"]
[Black "Kovacs, Reka"]
[Result "0-1"]
[WhiteElo "2075"]
[BlackElo "1885"]
[PlyCount "96"]
[EventDate "2023.10.08"]
[EventType "team-tourn"]
[EventRounds "9"]
[EventCountry "HUN"]
[Source "chess.hu"]
[WhiteTeam "Tatabanyai SC"]
[BlackTeam "Geniusz Tata-Naszaly"]
[WhiteTeamCountry "HUN"]
[BlackTeamCountry "HUN"]

1. c4 f5 2. Nc3 Nf6 3. g3 e5 4. Bg2 g6 5. d3 Bg7 6. e4 fxe4 7. Nxe4 Nxe4 8.
dxe4 d6 9. Ne2 Nc6 10. Be3 Be6 11. Rc1 Qd7 12. Qd2 a5 13. h4 a4 14. b3 Na5 15.
Rb1 b5 16. cxb5 axb3 17. axb3 Qxb5 18. O-O Nxb3 19. Qb2 O-O 20. Nc3 Qd7 21. Nd5
Rab8 22. Qa3 Bxd5 23. exd5 Nd4 24. Rxb8 Rxb8 25. Qa7 Rd8 26. Rb1 Nb5 27. Qa5
Nd4 28. Rb7 Rc8 29. Kh2 Nf5 30. Bd2 Bf6 31. Qa7 Bd8 32. Rb3 Qf7 33. Qb7 Qd7 34.
Bf1 Nd4 35. Bh3 Nf5 36. Ba5 Bf6 37. Rc3 e4 38. Rxc7 Rxc7 39. Qxc7 Qxc7 40. Bxc7
Be5 41. Bb6 Nxh4 42. Be6+ Kg7 43. Kh3 Nf3 44. Kg2 Kf6 45. Bd8+ Kg7 46. Bb6 Bd4
47. Bd8 Ne1+ 48. Kf1 Nd3 0-1

[Event "NB II. Breyer csoport"]
[Site "Naszaly"]
[Date "2024.04.07"]
[Round "7.6"]
[White "Laszlo, Imre"]
[Black "Utto, Ferenc"]
[Result "1-0"]
[WhiteElo "1990"]
[BlackElo "1938"]
[PlyCount "57"]
[EventDate "2023.10.08"]
[EventType "team-tourn"]
[EventRounds "9"]
[EventCountry "HUN"]
[Source "chess.hu"]
[WhiteTeam "Geniusz Tata-Naszaly"]
[BlackTeam "Tatabanyai SC"]
[WhiteTeamCountry "HUN"]
[BlackTeamCountry "HUN"]

1. e4 c5 2. Nf3 d6 3. c3 Nf6 4. Bb5+ Bd7 5. Qe2 Bxb5 6. Qxb5+ Qd7 7. Qe2 e5 8.
d4 Nc6 9. d5 Nb8 10. O-O Be7 11. a4 O-O 12. Nbd2 Na6 13. h3 Ne8 14. Nc4 Nac7
15. b4 cxb4 16. cxb4 b5 17. Na5 a6 18. Nc6 Nf6 19. a5 Kh8 20. Nh2 Ng8 21. g4 g6
22. f4 f6 23. f5 Rf7 24. h4 Rg7 25. Kh1 Bf8 26. Ra3 h6 27. Rh3 Ne8 28. Be3 Kh7
29. Qd2 1-0

[Event "NB II. Breyer csoport"]
[Site "Naszaly"]
[Date "2024.04.07"]
[Round "7.7"]
[White "Matis, Tibor"]
[Black "Eros, Vivien"]
[Result "1/2-1/2"]
[WhiteElo "1948"]
[BlackElo "1839"]
[PlyCount "37"]
[EventDate "2023.10.08"]
[EventType "team-tourn"]
[EventRounds "9"]
[EventCountry "HUN"]
[Source "chess.hu"]
[WhiteTeam "Tatabanyai SC"]
[BlackTeam "Geniusz Tata-Naszaly"]
[WhiteTeamCountry "HUN"]
[BlackTeamCountry "HUN"]

1. e4 e6 2. d4 d5 3. Nd2 dxe4 4. Nxe4 Bd7 5. Nf3 Bc6 6. Bd3 Nd7 7. O-O Ngf6 8.
Nxf6+ Qxf6 9. Qe2 Bxf3 10. Qxf3 Qxf3 11. gxf3 O-O-O 12. Be3 Kb8 13. Rad1 Bd6
14. c4 c5 15. dxc5 Bxc5 16. Be2 Bxe3 17. fxe3 Ne5 18. f4 Nc6 19. Bf3 1/2-1/2

[Event "NB II. Breyer csoport"]
[Site "Naszaly"]
[Date "2024.04.07"]
[Round "7.8"]
[White "Vancsisin, Mark"]
[Black "Szanto, Levente"]
[Result "1-0"]
[WhiteElo "1883"]
[BlackElo "1948"]
[PlyCount "57"]
[EventDate "2023.10.08"]
[EventType "team-tourn"]
[EventRounds "9"]
[EventCountry "HUN"]
[Source "chess.hu"]
[WhiteTeam "Geniusz Tata-Naszaly"]
[BlackTeam "Tatabanyai SC"]
[WhiteTeamCountry "HUN"]
[BlackTeamCountry "HUN"]

1. e4 c5 2. Nc3 Nc6 3. g3 g6 4. Bg2 Bg7 5. Nge2 d6 6. d3 Bd7 7. Be3 Nf6 8. O-O
Qc8 9. d4 Ng4 10. Qd2 Nxe3 11. fxe3 h5 12. Nd5 h4 13. c3 Bg4 14. Rf2 f5 15.
Nef4 e6 16. Nxe6 Kf7 17. exf5 gxf5 18. Ng5+ Kg6 19. e4 hxg3 20. hxg3 Rf8 21.
exf5+ Bxf5 22. Rxf5 Rxf5 23. Be4 Bh6 24. g4 Qd8 25. Bxf5+ Kg7 26. Ne6+ Kg8 27.
Qxh6 Qd7 28. Nf6+ Kf7 29. Qg7# 1-0

[Event "NB II. Breyer csoport"]
[Site "Naszaly"]
[Date "2024.04.07"]
[Round "7.9"]
[White "Kosa, Andras Jozsef"]
[Black "Polyanszky-Tamasi, Zoltan Dr"]
[Result "0-1"]
[WhiteElo "1837"]
[BlackElo "1876"]
[PlyCount "84"]
[EventDate "2023.10.08"]
[EventType "team-tourn"]
[EventRounds "9"]
[EventCountry "HUN"]
[Source "chess.hu"]
[WhiteTeam "Tatabanyai SC"]
[BlackTeam "Geniusz Tata-Naszaly"]
[WhiteTeamCountry "HUN"]
[BlackTeamCountry "HUN"]

1. e4 e6 2. d4 d5 3. Nc3 Bb4 4. a3 Bxc3+ 5. bxc3 dxe4 6. Qg4 Qf6 7. Qxe4 Ne7 8.
Nf3 Qg6 9. Qxg6 hxg6 10. Bd3 Nd7 11. O-O c5 12. a4 Nd5 13. Bd2 b6 14. Rfe1 O-O
15. Bb5 a6 16. Bd3 Bb7 17. Ne5 Nxe5 18. Rxe5 Rac8 19. dxc5 bxc5 20. c4 Nf6 21.
Rb1 Ba8 22. h3 Nd7 23. Rg5 Rb8 24. Re1 Bc6 25. a5 Rbd8 26. Be3 Rfe8 27. Bxc5 f6
28. Bxg6 fxg5 29. Bxe8 Rxe8 30. Be3 Ne5 31. Bxg5 Nxc4 32. Rd1 Bd5 33. h4 Rb8
34. h5 Rb5 35. h6 Rxa5 36. f4 Ne3 37. Rd3 Ra1+ 38. Kf2 Ng4+ 39. Kg3 Nxh6 40.
Bxh6 gxh6 41. Kg4 Kf7 42. Rc3 Bxg2 0-1

[Event "NB II. Breyer csoport"]
[Site "Naszaly"]
[Date "2024.04.07"]
[Round "7.10"]
[White "Szobi, Geza"]
[Black "Bak, Tamas"]
[Result "1-0"]
[WhiteElo "1904"]
[BlackElo "1854"]
[PlyCount "113"]
[EventDate "2023.10.08"]
[EventType "team-tourn"]
[EventRounds "9"]
[EventCountry "HUN"]
[Source "chess.hu"]
[WhiteTeam "Geniusz Tata-Naszaly"]
[BlackTeam "Tatabanyai SC"]
[WhiteTeamCountry "HUN"]
[BlackTeamCountry "HUN"]

1. b3 e5 2. Bb2 d6 3. e3 Nc6 4. Bb5 Bd7 5. d3 Qg5 6. Qf3 O-O-O 7. Qg3 Qh6 8.
Nf3 f5 9. Ng5 Qh5 10. Bc4 f4 11. exf4 exf4 12. Qxf4 Re8+ 13. Ne4 d5 14. Bxd5
Qxd5 15. Nbc3 Qf5 16. Qxf5 Bxf5 17. f3 Nf6 18. O-O-O Nd7 19. Rhe1 Bb4 20. a3
Ba5 21. b4 Bb6 22. Nd5 Bd4 23. c3 Be5 24. f4 Bxe4 25. dxe4 Bd6 26. e5 Be7 27.
Kc2 Rhf8 28. a4 g5 29. b5 Na5 30. Nxe7+ Rxe7 31. Ba3 Rfe8 32. Bxe7 Rxe7 33. e6
Nf6 34. fxg5 Ne8 35. Rd4 c6 36. Rg4 Kc7 37. g6 hxg6 38. Rxg6 cxb5 39. axb5 Nc4
40. Kd3 Ncd6 41. c4 Rh7 42. h3 Rh4 43. Rg8 Nf6 44. Rg6 Nfe8 45. Re2 Rxc4 46. g4
Rc5 47. Rc2 Rxc2 48. Kxc2 Nxb5 49. Kd3 Kd6 50. h4 Ke7 51. h5 Nbc7 52. h6 Nd5
53. Ke4 Ndf6+ 54. Ke5 a5 55. g5 Nh7 56. Rg7+ Nxg7 57. hxg7 1-0

[Event "NB II. Breyer csoport"]
[Site "Naszaly"]
[Date "2024.04.07"]
[Round "7.11"]
[White "Korim, Adam"]
[Black "Toth, Kincso"]
[Result "0-1"]
[WhiteElo "1559"]
[BlackElo "1910"]
[PlyCount "32"]
[EventDate "2023.10.08"]
[EventType "team-tourn"]
[EventRounds "9"]
[EventCountry "HUN"]
[Source "chess.hu"]
[WhiteTeam "Tatabanyai SC"]
[BlackTeam "Geniusz Tata-Naszaly"]
[WhiteTeamCountry "HUN"]
[BlackTeamCountry "HUN"]

1. d4 Nf6 2. c4 e5 3. dxe5 Ng4 4. Nf3 Bc5 5. e3 Nc6 6. Nc3 Ngxe5 7. Nxe5 Nxe5
8. Be2 O-O 9. O-O Re8 10. b3 a5 11. a3 b6 12. Bb2 Bb7 13. Qc2 Qg5 14. Ne4 Qg6
15. b4 Bxe4 16. Qd2 Qxg2# 0-1

[Event "NB II. Breyer csoport"]
[Site "Esztergom"]
[Date "2024.04.07"]
[Round "7.1"]
[White "Berek, Geza"]
[Black "Szabo, Marton Mihaly"]
[Result "0-1"]
[WhiteElo "2168"]
[BlackElo "2277"]
[PlyCount "52"]
[EventDate "2023.10.08"]
[EventType "team-tourn"]
[EventRounds "9"]
[EventCountry "HUN"]
[Source "chess.hu"]
[WhiteTeam "NYVSE"]
[BlackTeam "Esztergomi SC"]
[WhiteTeamCountry "HUN"]
[BlackTeamCountry "HUN"]

1. e4 c5 2. Nf3 e6 3. d4 cxd4 4. Nxd4 Bc5 5. Be3 Qb6 6. Nc3 Nc6 7. Ndb5 Bxe3 8.
fxe3 Qxe3+ 9. Be2 Kf8 10. Qd6+ Nge7 11. Nc7 Rb8 12. Rd1 Qg5 13. O-O Kg8 14.
N7d5 h5 15. h4 Qxh4 16. Rd3 Rh6 17. Rh3 exd5 18. Qxh6 Qxh3 19. Qf4 Qe6 20. Bxh5
f6 21. exd5 Nxd5 22. Qg3 Nxc3 23. Qxc3 d5 24. Re1 Ne5 25. Qc7 Qb6+ 26. Qxb6
axb6 0-1

[Event "NB II. Breyer csoport"]
[Site "Esztergom"]
[Date "2024.04.07"]
[Round "7.2"]
[White "Szabo, Abel"]
[Black "Ikanov, Imre"]
[Result "0-1"]
[WhiteElo "2116"]
[BlackElo "1954"]
[PlyCount "94"]
[EventDate "2023.10.08"]
[EventType "team-tourn"]
[EventRounds "9"]
[EventCountry "HUN"]
[Source "chess.hu"]
[WhiteTeam "Esztergomi SC"]
[BlackTeam "NYVSE"]
[WhiteTeamCountry "HUN"]
[BlackTeamCountry "HUN"]

1. e4 c5 2. Nf3 Nf6 3. e5 Nd5 4. Nc3 e6 5. Nxd5 exd5 6. d4 Nc6 7. c3 d6 8. Bb5
Bg4 9. O-O Be7 10. h3 Bh5 11. Re1 O-O 12. Bxc6 bxc6 13. Qd3 Bxf3 14. Qxf3 dxe5
15. dxe5 Bg5 16. Be3 Qe7 17. Qg4 Bxe3 18. Rxe3 Qe6 19. Qa4 Rfe8 20. Rae1 Re7
21. f4 Rae8 22. Qc2 g6 23. g4 d4 24. cxd4 cxd4 25. Re4 Qd5 26. Qd3 c5 27. b3 f6
28. Qc4 Qxc4 29. bxc4 fxe5 30. fxe5 Kf7 31. Kg2 Ke6 32. Rb1 Kd7 33. Rb7+ Kc6
34. Rxe7 Rxe7 35. Kf3 g5 36. Re2 Kd7 37. Ke4 Ke6 38. Rf2 Rf7 39. Rf5 h6 40. h4
Rxf5 41. gxf5+ Kf7 42. hxg5 hxg5 43. Kf3 a6 44. a3 a5 45. a4 Ke7 46. Ke4 g4 47.
Kd5 d3 0-1

[Event "NB II. Breyer csoport"]
[Site "Esztergom"]
[Date "2024.04.07"]
[Round "7.3"]
[White "Draga, Balazs"]
[Black "Ress, Tamas"]
[Result "0-1"]
[WhiteElo "1959"]
[BlackElo "2227"]
[PlyCount "80"]
[EventDate "2023.10.08"]
[EventType "team-tourn"]
[EventRounds "9"]
[EventCountry "HUN"]
[Source "chess.hu"]
[WhiteTeam "NYVSE"]
[BlackTeam "Esztergomi SC"]
[WhiteTeamCountry "HUN"]
[BlackTeamCountry "HUN"]

1. e4 c5 2. Nc3 a6 3. g3 b5 4. Bg2 Bb7 5. d3 e6 6. f4 d5 7. f5 d4 8. fxe6 fxe6
9. Nce2 e5 10. Nf3 Nc6 11. O-O Be7 12. c3 dxc3 13. Nxc3 Nb4 14. Nd5 Nxd5 15.
exd5 Qxd5 16. Qe2 Nf6 17. Nh4 Qd7 18. Nf5 O-O 19. Qxe5 Rae8 20. Bxb7 Qxb7 21.
Be3 Bd8 22. Qxc5 Re6 23. d4 Nd7 24. Qc3 Qd5 25. g4 Nf6 26. h3 h5 27. Qc5 hxg4
28. hxg4 Qxc5 29. dxc5 Nxg4 30. Bd4 Bf6 31. Rad1 Ne5 32. Nd6 Nf3+ 33. Rxf3
Bxd4+ 34. Rxd4 Rxf3 35. c6 Re7 36. Nb7 Rf6 37. Na5 Re5 38. c7 Rg5+ 39. Kh2 Rh6+
40. Rh4 Rxh4# 0-1

[Event "NB II. Breyer csoport"]
[Site "Esztergom"]
[Date "2024.04.07"]
[Round "7.4"]
[White "Horvath, Mario"]
[Black "Kovacs, Milan"]
[Result "0-1"]
[WhiteElo "2191"]
[BlackElo "2047"]
[PlyCount "132"]
[EventDate "2023.10.08"]
[EventType "team-tourn"]
[EventRounds "9"]
[EventCountry "HUN"]
[Source "chess.hu"]
[WhiteTeam "Esztergomi SC"]
[BlackTeam "NYVSE"]
[WhiteTeamCountry "HUN"]
[BlackTeamCountry "HUN"]

1. c4 d6 2. Nc3 Nf6 3. g3 g6 4. Bg2 Bg7 5. e4 O-O 6. Nge2 e5 7. d3 Nh5 8. Be3
f5 9. Qd2 f4 10. gxf4 exf4 11. Nxf4 Qg5 12. Nxh5 Qxg2 13. Ng3 Bxc3 14. bxc3 Bg4
15. f4 Qh3 16. Rg1 Nd7 17. Nh1 Bh5 18. Rg3 Qh4 19. Qg2 Rxf4 20. Bxf4 Qxf4 21.
Qf2 Qh6 22. Qe3 Qg7 23. Kd2 Rf8 24. Rag1 Ne5 25. Kc2 Qd7 26. Rb1 b6 27. h3 a5
28. Kb2 Qa4 29. Nf2 Qxc4 30. Ka1 Qxc3+ 31. Rb2 Nf3 32. Nd1 Qe5 33. Rgg2 a4 34.
a3 Nd4 35. Nc3 Nb3+ 36. Rxb3 axb3 37. d4 Qf6 38. Kb2 Qf1 39. Qg5 Rf2+ 40. Rxf2
Qxf2+ 41. Kxb3 Qf7+ 42. d5 Bf3 43. Qh4 Kg7 44. Qd8 h5 45. a4 Kh6 46. h4 Kg7 47.
Kc4 Bg4 48. Kb4 Qd7 49. Qb8 Qe7 50. Kc4 g5 51. hxg5 h4 52. e5 dxe5 53. Ne4 Bf5
54. Nf6 Qc5+ 55. Kb3 Qe3+ 56. Kb4 Qxg5 57. Ne8+ Kg6 58. Qxc7 Qd2+ 59. Ka3 Qd3+
60. Kb4 Qd4+ 61. Ka3 Qc5+ 62. Qxc5 bxc5 63. a5 h3 64. a6 h2 65. a7 h1=Q 66.
a8=Q Qa1+ 0-1

[Event "NB II. Breyer csoport"]
[Site "Esztergom"]
[Date "2024.04.07"]
[Round "7.5"]
[White "Bognar, Attila"]
[Black "Szucs, Vladimir"]
[Result "0-1"]
[WhiteElo "1921"]
[BlackElo "2132"]
[PlyCount "104"]
[EventDate "2023.10.08"]
[EventType "team-tourn"]
[EventRounds "9"]
[EventCountry "HUN"]
[Source "chess.hu"]
[WhiteTeam "NYVSE"]
[BlackTeam "Esztergomi SC"]
[WhiteTeamCountry "HUN"]
[BlackTeamCountry "HUN"]

1. e4 g6 2. d4 Bg7 3. c3 d5 4. e5 c5 5. f4 cxd4 6. cxd4 Nc6 7. Nf3 Bg4 8. Be2
Nh6 9. Be3 Nf5 10. Bf2 Qb6 11. Qb3 Qxb3 12. axb3 Bxf3 13. Bxf3 Nfxd4 14. Bd1
Ne6 15. g3 f6 16. exf6 Bxf6 17. Nc3 Nc7 18. O-O O-O 19. Bf3 e6 20. b4 b6 21.
Na2 Nb5 22. Bg4 Kf7 23. Rae1 Rfe8 24. Re2 h5 25. Bh3 Nbd4 26. Re3 Nc2 27. Rb3
Rac8 28. Nc3 N2xb4 29. Nb5 Be7 30. Re1 Bf8 31. Rbe3 Nd8 32. Nd4 Nc2 33. Nxe6
Nxe6 34. Bxe6+ Rxe6 35. Rxe6 Nxe1 36. Rxe1 Bc5 37. Re2 Kf6 38. Kg2 Bxf2 39.
Kxf2 Rc4 40. Kf3 Rb4 41. h3 Rb3+ 42. Kg2 a5 43. Rd2 a4 44. g4 h4 45. Rxd5 Rxb2+
46. Kf3 Rb3+ 47. Ke4 a3 48. Rd1 b5 49. Rd6+ Kf7 50. f5 gxf5+ 51. gxf5 a2 52.
Ra6 Rb4+ 0-1

[Event "NB II. Breyer csoport"]
[Site "Esztergom"]
[Date "2024.04.07"]
[Round "7.6"]
[White "Balogh, Peter"]
[Black "Gal, Lajos"]
[Result "1-0"]
[WhiteElo "2019"]
[BlackElo "1869"]
[PlyCount "81"]
[EventDate "2023.10.08"]
[EventType "team-tourn"]
[EventRounds "9"]
[EventCountry "HUN"]
[Source "chess.hu"]
[WhiteTeam "Esztergomi SC"]
[BlackTeam "NYVSE"]
[WhiteTeamCountry "HUN"]
[BlackTeamCountry "HUN"]

1. e4 d5 2. exd5 Nf6 3. Nc3 Nxd5 4. Bc4 e6 5. Qe2 Be7 6. Nf3 c6 7. d4 b6 8. Bd2
Bb7 9. O-O-O a6 10. Ne4 h6 11. Ne5 Nd7 12. Qg4 Bf8 13. f4 N7f6 14. Nxf6+ gxf6
15. Nf3 f5 16. Qh3 Qc7 17. Ne5 Bd6 18. Rhe1 O-O-O 19. Bxd5 cxd5 20. Re3 Kb8 21.
Rc3 Qe7 22. Nd3 Rc8 23. Rb3 Ka7 24. Bb4 Qc7 25. c3 Bxf4+ 26. Kb1 Bxh2 27. Be7
Bd6 28. Bf6 Rhg8 29. Ne5 Bxe5 30. Bxe5 Qe7 31. g3 Rg6 32. Bf4 Bc6 33. Re1 Kb7
34. Qf1 Qf6 35. Qf2 Bb5 36. Qe3 Rg4 37. Rb4 Rc4 38. Rxc4 dxc4 39. Rh1 Qd8 40.
Qe5 Be8 41. Rxh6 1-0

[Event "NB II. Breyer csoport"]
[Site "Esztergom"]
[Date "2024.04.07"]
[Round "7.7"]
[White "Meszaros, Vilmos"]
[Black "Petervari, Szabolcs"]
[Result "0-1"]
[WhiteElo "1824"]
[BlackElo "1981"]
[PlyCount "104"]
[EventDate "2023.10.08"]
[EventType "team-tourn"]
[EventRounds "9"]
[EventCountry "HUN"]
[Source "chess.hu"]
[WhiteTeam "NYVSE"]
[BlackTeam "Esztergomi SC"]
[WhiteTeamCountry "HUN"]
[BlackTeamCountry "HUN"]

1. d4 Nf6 2. Nf3 e6 3. Nc3 d5 4. Bg5 Bb4 5. a3 Bxc3+ 6. bxc3 c5 7. e3 Qa5 8.
Be2 Qxc3+ 9. Kf1 Ne4 10. dxc5 Nxg5 11. Nxg5 h6 12. Nf3 Qxc5 13. Qd4 Qxd4 14.
exd4 Nc6 15. Rb1 Ke7 16. h4 b6 17. Bb5 Bd7 18. Ba6 Rab8 19. c4 dxc4 20. Bxc4
Na5 21. Bd3 Bc6 22. Ke2 Rhd8 23. Ke3 Bxf3 24. gxf3 Nc6 25. Rhg1 g6 26. h5 g5
27. Rgc1 Nxd4 28. Rc7+ Kf6 29. Rxa7 Nxf3 30. Ra6 Ne5 31. Be2 Rdc8 32. a4 Nd7
33. Ra7 Nc5 34. Bf3 Rd8 35. Be2 Ra8 36. Rxa8 Rxa8 37. Rxb6 Nxa4 38. Rc6 Ra5 39.
Rc7 Nb6 40. Rb7 Nd5+ 41. Kf3 Ra3+ 42. Kg4 Ra2 43. Bb5 Rxf2 44. Be8 Kg7 45. Kg3
Rf4 46. Bd7 Nf6 47. Bxe6 Nxh5+ 48. Kh3 Rf6 49. Bb3 Nf4+ 50. Kg4 Ne6 51. Bxe6
Rxe6 52. Kh5 Re4 0-1